<The> Missing Entrepreneurs 2017 Policies for Inclusive Entrepreneurship
Na minha lista:
| Formato: | Livro |
|---|---|
| Idioma: | inglês |
| Publicado em: |
Paris
OECD/European Union
2017
|
| Assuntos: | |
| Tags: |
Sem tags, seja o primeiro a adicionar uma tag!
|
MARC
| LEADER | 00000nam a2200000 4500 | ||
|---|---|---|---|
| 001 | 0242741 | ||
| 005 | 20221221133923.8 | ||
| 020 | |a 978-92-64-28359-6 | ||
| 020 | |a 978-92-79-73694-0 | ||
| 041 | 0 | |a eng | |
| 044 | |a FR | ||
| 245 | 1 | 0 | |a <The> Missing Entrepreneurs 2017 |b Policies for Inclusive Entrepreneurship |
| 264 | 1 | |a Paris |b OECD/European Union |c 2017 | |
| 300 | |a 237 s. | ||
| 610 | 2 | 0 | |a politika podnikania |
| 610 | 2 | 0 | |a samozamestnanosť |
| 610 | 2 | 0 | |a aktivita pracovná |
| 610 | 2 | 0 | |a ženy |
| 610 | 2 | 0 | |a mládež |
| 610 | 2 | 0 | |a seniori |
| 610 | 2 | 0 | |a nezamestnaní |
| 610 | 2 | 0 | |a imigrácia |
| 610 | 2 | 0 | |a podnikanie |
| 610 | 2 | 0 | |a zárobky |
| 610 | 2 | 0 | |a miesta pracovné |
| 610 | 2 | 0 | |a bariéry podnikania |
| 610 | 2 | 0 | |a kvalita práce |
| 610 | 2 | 0 | |a firmy |
| 610 | 2 | 0 | |a reštrukturalizácia |
| 610 | 2 | 0 | |a štúdie prípadové |
| 610 | 2 | 0 | |a ukazovatele |
| 610 | 2 | 0 | |a porovnanie štatistické medzinárodné |
| 610 | 2 | 0 | |a Európska únia |